00563nam a22001815i 45000010009000000050017000090080041000260200036000670400013001030820016001161000022001322450134001542500013002882600029003013000011003306500019003416500021003601996171820201022094427.0170823s2017 mau 000 0 eng  a9781337392686 (student edition) cPK-LaUMT a613.7bLIF-1 aHoeger, Werner W.10aLifetime physical fitness and wellness :ba personalized program /cby Werner W.K. Hoeger, Sharon A. Hoeger, and Cherie I. Hoeger a15th ed. aBoston :bCengage,c2019 a586 p. aHealth science aPhysical fitness